Statistics for Capitals of Canadian Provinces and Territories (with map)

Click here to take the quiz!

General Stats

  • This quiz has been taken 64 times
  • The average score is 11 of 13

Answers on the Map

Answers color-coded by a green-red scale on the quiz's map according to % correct below.
Loading ...
 

Answer Stats

Province/TerritoryAnswer% Correct
OntarioToronto
98%
QuebecQuébec City
95%
British ColumbiaVictoria
93%
Northwest TerritoriesYellowknife
91%
Newfoundland and LabradorSt. John's
89%
SaskatchewanRegina
86%
AlbertaEdmonton
84%
ManitobaWinnipeg
84%
YukonWhitehorse
82%
Nova ScotiaHalifax
80%
NunavutIqaluit
68%
Prince Edward IslandCharlottetown
66%
New BrunswickFredericton
59%

Score Distribution

Percentile by Number Answered

Percent of People with Each Score

Your Score History

You have not taken this quiz